000 00506nam a2200193 a 4500
001 1767587676941
003 YourLibrary
005 20260105104547.0
008 260105s1990##################000#0#eng##
020 _a9780820413194
082 0 4 _a300
_bHUE
100 1 _aHuer, Jon,
_eauthor.
245 1 0 _aThe Fallacies of Social Science :
260 _bPeter Lang Pub Incorporated,
_c1990.
300 _a167 pages
650 0 _aPhilosophy.
942 _cENGLISH
040 _aYourLibrary
_beng
_cYourLibrary
999 _c607291
_d607291